Lídl mení stratégiu

Vedenie nemeckej maloobchodnej skupiny Lídl objasnilo ďalšiu stratégiu tejto značky. Nová pozícia spoločnosti Lídl na francúzskom trhu.

Gespeichert in:
Bibliographische Detailangaben
1. Verfasser: Kris, Richard
Format: Buchkapitel
Sprache:Slowakisch
Schlagworte:
Tags: Tag hinzufügen
Keine Tags, Fügen Sie das erste Tag hinzu!

MARC

LEADER 00000naa a2200000 4500
001 0214390
005 20231011070503.1
041 0 |a slo 
044 |a SK 
245 1 0 |a Lídl mení stratégiu  |c Richard Kris 
520 |a Vedenie nemeckej maloobchodnej skupiny Lídl objasnilo ďalšiu stratégiu tejto značky. Nová pozícia spoločnosti Lídl na francúzskom trhu. 
610 2 0 |a reťazce obchodné 
610 2 0 |a stratégia obchodná 
100 1 |a Kris, Richard